[Event "BL2-West 0102"]
[Site "Germany"]
[Date "2001.11.11"]
[Round "2.5"]
[White "Drollinger, Dennis"]
[Black "Schulz, Klaus Juergen"]
[Result "1/2-1/2"]
[WhiteElo "2290"]
[BlackElo "2393"]
[PlyCount "114"]
[EventDate "2001.10.07"]
[EventType "team-tourn"]
[EventRounds "9"]
[EventCountry "GER"]
[SourceTitle "CBM 088 Extra"]
[Source "ChessBase"]
[SourceDate "2002.07.01"]
[SourceVersion "2"]
[SourceVersionDate "2002.07.01"]
[SourceQuality "1"]
[WhiteTeam "St Ingbert"]
[BlackTeam "Andernach"]
[WhiteTeamCountry "GER"]
[BlackTeamCountry "GER"]

1. e4 c5 2. Nf3 e6 3. d4 cxd4 4. Nxd4 Nf6 5. Nc3 d6 6. g3 Nc6 7. Bg2 Bd7 8. 0-0 Be7 9. Ndb5 Qb8 10. Bf4 Ne5 11. a4 a6 12. Nd4 Qc7 13. Qe2 0-0 14. Rfd1 Rac8 15. h3 Rfd8 16. Kh2 Be8 17. Bc1 h6 18. f4 Nc4 19. b3 Na5 20. Bb2 Nc6 21. Nf3 Nb4 22. Rd2 Nd7 23. Re1 Nc5 24. Nd1 d5 25. exd5 Nxd5 26. Nf2 b5 27. axb5 axb5 28. c4 bxc4 29. bxc4 Nf6 30. Rxd8 Rxd8 31. Ne5 Na4 32. Ba1 Bb4 33. Rd1 Rc8 34. Rb1 Nc3 35. Bxc3 Bxc3 36. Rb7 Qa5 37. Nfd3 Bd4 38. Qc2 h5 39. Qb1 h4 40. g4 Be3 41. Qb2 Rd8 42. Qe2 Bd4 43. Rb1 Qc7 44. Kh1 Rb8 45. Rxb8 Qxb8 46. Nf3 Qb1+ 47. Qf1 Qxf1+ 48. Bxf1 Bc6 49. Bg2 Bxf3 50. Bxf3 Kf8 51. g5 Nd7 52. Bc6 Ke7 53. Kg2 Nc5 54. Bb5 Nd7 55. Kf3 Nc5 56. Nxc5 Bxc5 57. Kg4 Bf2 1/2-1/2